| 000 | 00493nam a2200205Ia 4500 | ||
|---|---|---|---|
| 005 | 20241219043353.0 | ||
| 008 | 240331s9999 xx 000 0 und d | ||
| 020 | _a0803985436 | ||
| 082 |
_bKAT _21153 _a305 |
||
| 245 | 4 | _aThe Gender of Power | |
| 260 |
_aLondon _bSAGE Publications Ltd _c1991 |
||
| 300 | _ax, 198 p., | ||
| 650 | _aWomen | ||
| 650 | _aFeminism | ||
| 650 | _aGender | ||
| 700 |
_aDavis, K _eedt |
||
| 700 |
_aLeijenaar, M _eedt |
||
| 700 |
_aOldersma, J _eedt |
||
| 942 | _cL | ||
| 999 |
_c1423 _d1423 |
||